Corruption-free sustainable development: challenges and strategies for good governance (Record no. 402917)

000 -LEADER
fixed length control field 00587cam a22001817a 4500
008 - FIXED-LENGTH DATA ELEMENTS--GENERAL INFORMATION
fixed length control field 180718b2004 xxu||||| |||| 00| 0 eng d
020 ## - INTERNATIONAL STANDARD BOOK NUMBER
International Standard Book Number 8170999499
082 ## - DEWEY DECIMAL CLASSIFICATION NUMBER
Classification number B3x54 J199
245 ## - TITLE STATEMENT
Title Corruption-free sustainable development: challenges and strategies for good governance
Statement of responsibility, etc. edited by R.B. Jain
260 ## - PUBLICATION, DISTRIBUTION, ETC.
Place of publication, distribution, etc. New Delhi
Name of publisher, distributor, etc. Mittal
Date of publication, distribution, etc. 2004
300 ## - PHYSICAL DESCRIPTION
Extent 302p.
650 ## - SUBJECT ADDED ENTRY--TOPICAL TERM
Topical term or geographic name entry element Sustainable development.
650 ## - SUBJECT ADDED ENTRY--TOPICAL TERM
Topical term or geographic name entry element Bureaucracy - India
650 ## - SUBJECT ADDED ENTRY--TOPICAL TERM
Topical term or geographic name entry element Economic reforms - India
650 ## - SUBJECT ADDED ENTRY--TOPICAL TERM
Topical term or geographic name entry element Administrative reforms - India
650 ## - SUBJECT ADDED ENTRY--TOPICAL TERM
Topical term or geographic name entry element Public administration - India
700 ## - ADDED ENTRY--PERSONAL NAME
Personal name Jain, R.B.
Holdings
Withdrawn status Lost status Damaged status Not for loan Permanent Location Current Location Date acquired Full call number Barcode Date last seen Price effective from Koha item type
        Indian Institute of Public Administration Indian Institute of Public Administration 2004-08-13 B3x54 J199 79523 2018-07-21 2018-07-21 Book

Powered by Koha